[Event "Riga Tal Memorial blitz"]
[Site "Riga"]
[Date "2019.07.18"]
[Round "11"]
[White "Krakops, Maris"]
[Black "Predke, Alexandr"]
[Result "0-1"]
[WhiteElo "2510"]
[BlackElo "2632"]
[PlyCount "52"]
[EventDate "2019.07.18"]
[EventType "swiss (blitz)"]
[EventRounds "13"]
[EventCountry "LAT"]
[SourceTitle "CBM 191 Extra"]
[Source "ChessBase"]
[SourceDate "2019.09.30"]
[SourceVersion "1"]
[SourceVersionDate "2019.09.30"]
[SourceQuality "1"]

1. d3 d5 2. g3 e5 3. c3 Nc6 4. Bg2 Nf6 5. Nd2 a5 6. h3 h6 7. g4 Bc5 8. Nf1 Qe7 9. Ng3 e4 10. dxe4 Nxe4 11. Nxe4 dxe4 12. Qa4 f5 13. gxf5 Bxf5 14. Bf4 Rd8 15. e3 0-0 16. Ne2 Ne5 17. Bxe5 Qxe5 18. Nd4 Bg6 19. Qc4+ Kh8 20. Ne6 Bxe3 21. Nxf8 Bd2+ 22. Ke2 Qh5+ 23. Kf1 Rxf8 24. Bxe4 Qh4 25. Qe2 Bxe4 26. Qxd2 Bxh1 0-1

[Event "Vladimir Petrov Memorial blitz op"]
[Site "Jurmala"]
[Date "2015.03.06"]
[Round "6"]
[White "Krakops, Maris"]
[Black "Shirov, Alexei"]
[Result "0-1"]
[WhiteElo "2510"]
[BlackElo "2691"]
[PlyCount "36"]
[EventDate "2015.03.06"]
[EventType "swiss (blitz)"]
[EventRounds "10"]
[EventCountry "LAT"]
[SourceTitle "CBM 165 Extra"]
[Source "ChessBase"]
[SourceDate "2015.04.21"]
[SourceVersion "1"]
[SourceVersionDate "2015.04.21"]
[SourceQuality "1"]

1. e4 c5 2. Nf3 Nc6 3. d4 cxd4 4. Nxd4 e5 5. Nb5 d6 6. c4 Be7 7. Bd3 a6 8. N5c3 Bg5 9. Nd2 Nf6 10. 0-0 Nd4 11. Nb3 Bxc1 12. Rxc1 Ne6 13. c5 dxc5 14. Nd5 Nxd5 15. exd5 Nf4 16. Nxc5 Bh3 17. gxh3 Qg5+ 18. Qg4 Nxh3+ 0-1

[Event "EU-chT (Men) 13th"]
[Site "Leon"]
[Date "2001.11.13"]
[Round "7.3"]
[White "Krakops, Maris"]
[Black "Illescas Cordoba, Miguel Angel"]
[Result "0-1"]
[WhiteElo "2518"]
[BlackElo "2577"]
[PlyCount "108"]
[EventDate "2001.11.06"]
[EventType "team-swiss"]
[EventRounds "9"]
[EventCountry "ESP"]
[SourceTitle "CBM 086"]
[Source "ChessBase"]
[SourceDate "2002.02.05"]
[SourceVersion "1"]
[SourceVersionDate "2002.02.05"]
[SourceQuality "1"]
[WhiteTeam "Latvia"]
[BlackTeam "Spain"]
[WhiteTeamCountry "LAT"]
[BlackTeamCountry "ESP"]

1. e4 e5 2. Nf3 Nf6 3. Nxe5 d6 4. Nf3 Nxe4 5. d4 d5 6. Bd3 Be7 7. 0-0 Nc6 8. c4 Nb4 9. Be2 0-0 10. a3 Nc6 11. cxd5 Qxd5 12. Nc3 Nxc3 13. bxc3 Bf5 14. Bf4 Na5 15. Bxc7 b6 16. Bf4 Rac8 17. Bd2 Bd6 18. Re1 h6 19. a4 Rc7 20. h3 Qb3 21. Bb5 Qb2 22. Re2 Qb3 23. Ne5 Qd5 24. Be1 Qb7 25. c4 Rd8 26. Bxa5 bxa5 27. d5 Qb6 28. Nc6 Rf8 29. Nd4 Bg6 30. Bc6 a6 31. Nb3 Rd8 32. c5 Bxc5 33. Nxc5 Rxc6 34. Nb3 Rcd6 35. Re3 Rxd5 36. Qe1 Kh7 37. Kh2 Qc7+ 38. g3 Qb6 39. Rc1 Rd3 40. Rxd3 Rxd3 41. Nxa5 Rf3 42. Kg2 Ra3 43. Rc4 Qd6 44. Kh2 Qd5 45. Rc8 Bf5 46. Rc4 Rd3 47. Rc1 Rd4 48. Nc6 Re4 49. Qf1 Qd2 50. Rd1 Qb2 51. a5 Ra4 52. Kg1 Be4 53. Nd8 Qb3 54. f3 Ra2 0-1

[Event "Patras op 3rd"]
[Site "Patras"]
[Date "2001.07.24"]
[Round "7"]
[White "Zagrebelny, Sergey"]
[Black "Krakops, Maris"]
[Result "0-1"]
[WhiteElo "2466"]
[BlackElo "2509"]
[PlyCount "58"]
[EventDate "2001.07.18"]
[EventType "swiss"]
[EventRounds "9"]
[EventCountry "GRE"]
[SourceTitle "CBM 083 Extra"]
[Source "ChessBase"]
[SourceDate "2001.09.11"]
[SourceVersion "1"]
[SourceVersionDate "2001.09.11"]
[SourceQuality "1"]

1. e4 c5 2. Nf3 e6 3. d4 cxd4 4. Nxd4 a6 5. Nc3 b5 6. Bd3 Qb6 7. Nb3 Qc7 8. 0-0 Bb7 9. a3 d6 10. f4 Nf6 11. Qf3 Nbd7 12. Kh1 Be7 13. Bd2 0-0 14. Qh3 e5 15. Rae1 Rae8 16. Nd5 Bxd5 17. exd5 e4 18. Ba5 Qb7 19. Bxe4 Nxe4 20. Rxe4 Bf6 21. Rxe8 Rxe8 22. Rb1 Nb6 23. Nd2 Nxd5 24. Qf3 Re3 25. Qf1 h5 26. c4 Ne7 27. Bb4 Nf5 28. cxb5 Rh3 29. Qc4 axb5 0-1

[Event "Patras op 3rd"]
[Site "Patras"]
[Date "2001.07.22"]
[Round "5"]
[White "Khurtsidze, Nino"]
[Black "Krakops, Maris"]
[Result "1/2-1/2"]
[WhiteElo "2446"]
[BlackElo "2509"]
[PlyCount "35"]
[EventDate "2001.07.18"]
[EventType "swiss"]
[EventRounds "9"]
[EventCountry "GRE"]
[SourceTitle "CBM 083 Extra"]
[Source "ChessBase"]
[SourceDate "2001.09.11"]
[SourceVersion "1"]
[SourceVersionDate "2001.09.11"]
[SourceQuality "1"]

1. d4 Nf6 2. c4 g6 3. Nf3 Bg7 4. g3 0-0 5. Bg2 d6 6. 0-0 Nc6 7. d5 Na5 8. Nfd2 c5 9. a3 b6 10. b4 Nb7 11. Bb2 Bg4 12. h3 Bd7 13. Nc3 cxb4 14. axb4 a5 15. Qb3 axb4 16. Qxb4 Qc7 17. Nce4 Nxe4 18. Bxg7 1/2-1/2

[Event "Troll Masters"]
[Site "Gausdal"]
[Date "2001.01.11"]
[Round "8"]
[White "Krakops, Maris"]
[Black "Stenersen, Gudmund"]
[Result "1/2-1/2"]
[WhiteElo "2519"]
[BlackElo "2163"]
[PlyCount "78"]
[EventDate "2001.01.05"]
[EventType "swiss"]
[EventRounds "9"]
[EventCountry "NOR"]
[SourceTitle "CBM 080 Extra"]
[Source "ChessBase"]
[SourceDate "2001.03.08"]
[SourceVersion "1"]
[SourceVersionDate "2001.03.08"]
[SourceQuality "1"]

1. e4 e5 2. Nf3 Nc6 3. Bb5 Nf6 4. d3 Bc5 5. 0-0 d6 6. c3 Bd7 7. Ba4 a6 8. Bg5 h6 9. Bh4 Ba7 10. Nbd2 g5 11. Bg3 h5 12. h4 Nh7 13. hxg5 Nxg5 14. Bh4 f6 15. d4 Qe7 16. b4 Qg7 17. Kh1 0-0-0 18. b5 axb5 19. Bxb5 Rdg8 20. Rg1 exd4 21. cxd4 Nxd4 22. Nxd4 Bxd4 23. Qa4 Bxb5 24. Qxd4 f5 25. Qd5 Qe5 26. Qxe5 dxe5 27. exf5 Bc6 28. f3 e4 29. Bxg5 Rxg5 30. fxe4 Rd8 31. Rad1 Rg4 32. Rge1 Ba4 33. Nb3 Rxd1 34. Rxd1 Rxe4 35. Rf1 Bxb3 36. axb3 Kd7 37. f6 Rh4+ 38. Kg1 Ke8 39. Re1+ Kf7 1/2-1/2

[Event "Olympiad-34"]
[Site "Istanbul"]
[Date "2000.11.09"]
[Round "12.2"]
[White "Ivanisevic, Ivan"]
[Black "Krakops, Maris"]
[Result "1-0"]
[WhiteElo "2530"]
[BlackElo "2522"]
[PlyCount "141"]
[EventDate "2000.10.28"]
[EventType "team-swiss"]
[EventRounds "14"]
[EventCountry "TUR"]
[SourceTitle "EXT 2001"]
[Source "ChessBase"]
[SourceDate "2000.11.22"]
[SourceVersion "1"]
[SourceVersionDate "2000.11.22"]
[SourceQuality "1"]
[WhiteTeam "Yugoslavia"]
[BlackTeam "Latvia"]
[WhiteTeamCountry "YUG"]
[BlackTeamCountry "LAT"]

1. d4 e6 2. Nf3 c5 3. e4 cxd4 4. Nxd4 a6 5. c4 Nf6 6. Nc3 Qc7 7. Qc2 Bc5 8. Nb3 Ba7 9. Bg5 d6 10. Rd1 Nbd7 11. Qd2 0-0 12. Qxd6 Qxd6 13. Rxd6 Ng4 14. Be2 Bxf2+ 15. Kf1 f5 16. exf5 Nde5 17. h3 Be3 18. Bh4 Nh6 19. g4 exf5 20. Be7 Re8 21. Nd5 Nef7 22. c5 fxg4 23. Bc4 Kh8 24. hxg4 Bxg4 25. Kg2 Nf5 26. Bd3 Bh6 27. Bxf5 Bxf5 28. Re1 Bg5 29. Nd4 Bxe7 30. Nxe7 Nxd6 31. cxd6 Bd7 32. Kg3 a5 33. Nf3 g6 34. Ne5 Ra6 35. Rd1 Be6 36. d7 Bxd7 37. Rxd7 Re6 38. Nf7+ Kg7 39. Nd5 Kg8 40. Nh6+ Kh8 41. Nf7+ Kg8 42. Ng5 Ra6 43. Nxh7 Re1 44. Nhf6+ Kf8 45. Rxb7 Rf1 46. Nd7+ Kg8 47. Ne7+ Kh8 48. Ne5 Kg7 49. N7xg6+ Kh6 50. Nf4 Kg5 51. Rb5 Rg1+ 52. Kf3 Rf1+ 53. Ke3 Re1+ 54. Ne2 Ra1 55. Nc3 a4 56. Kd4 Kf4 57. Nd3+ Kf3 58. Nc5 Rd6+ 59. Kc4 Ke3 60. N5xa4 Rd4+ 61. Kb3 Rh1 62. Nb6 Rh7 63. a4 Rd8 64. a5 Ra7 65. Nc4+ Kd4 66. Kb4 Rc7 67. Nb6 Kd3 68. a6 Ra7 69. Ka5 Kc2 70. Nca4 Kb1 71. b4 1-0

[Event "Mezezers zt 1.7"]
[Site "Mezezers"]
[Date "2000.06.16"]
[Round "11"]
[White "Kiik, Kalle"]
[Black "Krakops, Maris"]
[Result "0-1"]
[WhiteElo "2445"]
[BlackElo "2518"]
[PlyCount "64"]
[EventDate "2000.06.03"]
[EventType "tourn"]
[EventRounds "13"]
[EventCountry "LAT"]
[EventCategory "9"]
[SourceTitle "EXT 2001"]
[Source "ChessBase"]
[SourceDate "2000.11.22"]
[SourceVersion "1"]
[SourceVersionDate "2000.11.22"]
[SourceQuality "1"]

1. e4 c5 2. Nf3 Nc6 3. d4 cxd4 4. Nxd4 Nf6 5. Nc3 d6 6. Bc4 e6 7. Be3 Be7 8. Qe2 a6 9. 0-0-0 0-0 10. Bb3 Qe8 11. f3 Nd7 12. g4 Nc5 13. h4 b5 14. g5 b4 15. Nb1 Nxd4 16. Rxd4 Nxb3+ 17. axb3 a5 18. f4 e5 19. fxe5 dxe5 20. Rd5 Be6 21. Rxe5 Bd6 22. Rb5 Bxb3 23. Nd2 Be6 24. Bc5 Bxc5 25. Rxc5 Qa4 26. Nb1 Qa1 27. c3 Rac8 28. Rxc8 Rxc8 29. Qd3 bxc3 30. bxc3 Rb8 31. Kd2 Ba2 32. Qd6 Qb2+ 0-1

[Event "Mezezers zt 1.7"]
[Site "Mezezers"]
[Date "2000.06.10"]
[Round "5"]
[White "Krakops, Maris"]
[Black "Kveinys, Aloyzas"]
[Result "1/2-1/2"]
[WhiteElo "2518"]
[BlackElo "2496"]
[PlyCount "117"]
[EventDate "2000.06.03"]
[EventType "tourn"]
[EventRounds "13"]
[EventCountry "LAT"]
[EventCategory "9"]
[SourceTitle "EXT 2001"]
[Source "ChessBase"]
[SourceDate "2000.11.22"]
[SourceVersion "1"]
[SourceVersionDate "2000.11.22"]
[SourceQuality "1"]

1. e4 c5 2. Nf3 e6 3. Nc3 a6 4. d4 cxd4 5. Nxd4 b5 6. Bd3 Qb6 7. Nb3 Qc7 8. a4 b4 9. Ne2 Nf6 10. Bf4 d6 11. c3 Nc6 12. Qd2 Qb7 13. 0-0 Be7 14. cxb4 Qxb4 15. Qc2 Bd7 16. Bd2 Qb7 17. Na5 Nxa5 18. Bxa5 0-0 19. Ng3 Ng4 20. e5 Nxe5 21. Bxh7+ Kh8 22. Be4 d5 23. Bc3 dxe4 24. Bxe5 f6 25. Bc3 Rfc8 26. Nxe4 Rc4 27. Rfe1 Rac8 28. Qd3 e5 29. Ng3 Rf4 30. Nh5 Bf5 31. Qd2 Rd8 32. Qc1 Rc4 33. Ng3 Bg6 34. Kh1 Qc6 35. Rd1 Rc8 36. Qe3 Rxa4 37. Rac1 Rc4 38. Nf1 Qe6 39. Qe2 f5 40. Ra1 Bf6 41. Ne3 R4c6 42. Nd5 f4 43. Rd2 Qf5 44. f3 Re8 45. Qf1 Bh4 46. Rdd1 Qh5 47. Nb4 Bg3 48. h3 Rxc3 49. bxc3 e4 50. Rd5 Qh4 51. Nc6 exf3 52. Qxf3 Re3 53. Ne5 Bf5 54. Rd8+ Qxd8 55. Qh5+ Kg8 56. Qf7+ Kh8 57. Qh5+ Kg8 58. Qf7+ Kh8 59. Qh5+ 1/2-1/2

[Event "Mezezers zt 1.7"]
[Site "Mezezers"]
[Date "2000.06.06"]
[Round "1"]
[White "Krakops, Maris"]
[Black "Rychagov, Mikhail"]
[Result "1/2-1/2"]
[WhiteElo "2518"]
[BlackElo "2542"]
[PlyCount "29"]
[EventDate "2000.06.03"]
[EventType "tourn"]
[EventRounds "13"]
[EventCountry "LAT"]
[EventCategory "9"]
[SourceTitle "EXT 2001"]
[Source "ChessBase"]
[SourceDate "2000.11.22"]
[SourceVersion "1"]
[SourceVersionDate "2000.11.22"]
[SourceQuality "1"]

1. e4 e5 2. d4 exd4 3. Nf3 Bb4+ 4. c3 dxc3 5. bxc3 Bc5 6. Bc4 Ne7 7. Ng5 d5 8. exd5 0-0 9. 0-0 Bf5 10. Qb3 Qd6 11. Nd2 Nd7 12. Nge4 Qg6 13. Re1 b6 14. Nxc5 Nxc5 15. Qd1 1/2-1/2

[Event "EU-chT (Men) 12th"]
[Site "Batumi"]
[Date "1999.12.03"]
[Round "5.2"]
[White "Krakops, Maris"]
[Black "Brestian, Egon"]
[Result "1/2-1/2"]
[WhiteElo "2530"]
[BlackElo "2429"]
[PlyCount "87"]
[EventDate "1999.11.06"]
[EventType "team-swiss"]
[EventRounds "9"]
[EventCountry "GEO"]
[SourceTitle "CBM 074"]
[Source "ChessBase"]
[SourceDate "2000.02.01"]
[SourceVersion "1"]
[SourceVersionDate "2000.02.01"]
[SourceQuality "1"]
[WhiteTeam "Latvia"]
[BlackTeam "Austria"]
[WhiteTeamCountry "LAT"]
[BlackTeamCountry "AUT"]

1. e4 c5 2. Nf3 d6 3. d4 cxd4 4. Nxd4 Nf6 5. Nc3 g6 6. Be3 Bg7 7. f3 0-0 8. Bc4 Nc6 9. Bb3 Na5 10. Qd2 Nxb3 11. axb3 d5 12. e5 Ne8 13. f4 Nc7 14. 0-0-0 Bd7 15. Qe2 Qc8 16. Rdg1 a5 17. g4 a4 18. bxa4 Bxa4 19. h4 Bd7 20. Nb3 b5 21. h5 b4 22. Nd1 Qa6 23. Qe1 Rfc8 24. hxg6 hxg6 25. Qh4 Ne6 26. Rh2 Qd3 27. Qh7+ Kf8 28. Rgh1 Rxc2+ 29. Rxc2 Qxb3 30. Rch2 Rc8+ 31. Kd2 Rc2+ 32. Ke1 Rxh2 33. Qxh2 d4 34. f5 dxe3 35. fxe6 Bxe6 36. Qe2 Bxe5 37. Rh3 Bf6 38. Qh2 Ke8 39. Qb8+ Kd7 40. Qb5+ Kc7 41. Qc5+ Kb7 42. Qb5+ Kc7 43. Qc5+ Kb7 44. Qb5+ 1/2-1/2

[Event "EU-chT (Men) 12th"]
[Site "Batumi"]
[Date "1999.12.02"]
[Round "4.2"]
[White "Kurajica, Bojan"]
[Black "Krakops, Maris"]
[Result "1-0"]
[WhiteElo "2541"]
[BlackElo "2530"]
[PlyCount "73"]
[EventDate "1999.11.06"]
[EventType "team-swiss"]
[EventRounds "9"]
[EventCountry "GEO"]
[SourceTitle "CBM 074"]
[Source "ChessBase"]
[SourceDate "2000.02.01"]
[SourceVersion "1"]
[SourceVersionDate "2000.02.01"]
[SourceQuality "1"]
[WhiteTeam "Bosnia&Herzegovina"]
[BlackTeam "Latvia"]
[WhiteTeamCountry "BIH"]
[BlackTeamCountry "LAT"]

1. Nf3 Nf6 2. g3 g6 3. b3 Bg7 4. Bb2 0-0 5. Bg2 d6 6. d4 c6 7. 0-0 Qa5 8. Re1 Qh5 9. e4 Bg4 10. Qd3 Na6 11. a3 Bh3 12. Nbd2 Nc7 13. Qf1 Bxg2 14. Qxg2 Qg4 15. c4 Rad8 16. d5 Qc8 17. Re2 Na6 18. b4 Nb8 19. Rc1 Rfe8 20. h3 Nbd7 21. Nb3 e6 22. dxc6 Qxc6 23. Na5 Qa6 24. e5 dxe5 25. Nxe5 Nxe5 26. Bxe5 Rd7 27. Qf3 Nh5 28. g4 Bxe5 29. Rxe5 Ng7 30. c5 Rc8 31. Ree1 Rd5 32. Nc4 Ne8 33. Ne5 Rc7 34. Rcd1 Rxd1 35. Rxd1 Kg7 36. Rd8 Re7 37. Rxe8 1-0

[Event "Olympiad-33"]
[Site "Elista"]
[Date "1998.10.12"]
[Round "13.2"]
[White "Krakops, Maris"]
[Black "Marin, Mihail"]
[Result "1/2-1/2"]
[WhiteElo "2510"]
[BlackElo "2530"]
[PlyCount "79"]
[EventDate "1998.09.29"]
[EventType "team-swiss"]
[EventRounds "13"]
[EventCountry "RUS"]
[SourceTitle "CBM 068"]
[Source "ChessBase"]
[SourceDate "1999.02.01"]
[SourceVersion "1"]
[SourceVersionDate "1999.02.01"]
[SourceQuality "1"]
[WhiteTeam "Latvia"]
[BlackTeam "Romania"]
[WhiteTeamCountry "LAT"]
[BlackTeamCountry "ROU"]

1. e4 d6 2. d4 Nf6 3. Nc3 g6 4. f4 Bg7 5. Nf3 0-0 6. Bd3 Na6 7. 0-0 c5 8. d5 Rb8 9. e5 Ne8 10. e6 fxe6 11. dxe6 Nac7 12. Ng5 Bd4+ 13. Kh1 Ng7 14. Qg4 Qe8 15. Bd2 h5 16. Qh3 b5 17. f5 gxf5 18. Rxf5 Ncxe6 19. Rxf8+ Nxf8 20. Qg3 Be5 21. Bf4 Bxc3 22. bxc3 Bf5 23. Re1 Qg6 24. Rxe7 Bxd3 25. Qxd3 Qxd3 26. cxd3 c4 27. dxc4 bxc4 28. Re1 Nf5 29. Ne4 Rb2 30. Nxd6 Nxd6 31. Bxd6 Rxa2 32. Kg1 Ra6 33. Bc5 Ne6 34. Bxa7 Nf4 35. Bd4 Ra2 36. Kf1 Rxg2 37. Re4 Rg4 38. Be5 Nd5 39. Rxg4+ hxg4 40. Kf2 1/2-1/2

[Event "Olympiad-33"]
[Site "Elista"]
[Date "1998.10.11"]
[Round "12.2"]
[White "Bagaturov, Giorgi"]
[Black "Krakops, Maris"]
[Result "0-1"]
[WhiteElo "2540"]
[BlackElo "2510"]
[PlyCount "42"]
[EventDate "1998.09.29"]
[EventType "team-swiss"]
[EventRounds "13"]
[EventCountry "RUS"]
[SourceTitle "CBM 068"]
[Source "ChessBase"]
[SourceDate "1999.02.01"]
[SourceVersion "1"]
[SourceVersionDate "1999.02.01"]
[SourceQuality "1"]
[WhiteTeam "Georgia"]
[BlackTeam "Latvia"]
[WhiteTeamCountry "GEO"]
[BlackTeamCountry "LAT"]

1. d4 e6 2. c4 b6 3. a3 Bb7 4. Nc3 f5 5. Nf3 Nf6 6. d5 Be7 7. Nd4 c5 8. Nf3 Ne4 9. Qd3 Nxc3 10. bxc3 0-0 11. g3 b5 12. dxe6 Be4 13. Qe3 Nc6 14. Bb2 bxc4 15. Bg2 Rb8 16. Bc1 dxe6 17. 0-0 Bf6 18. Ra2 Qe7 19. a4 Rb3 20. Ba3 Nb4 21. Raa1 Rxc3 0-1

[Event "Olympiad-33"]
[Site "Elista"]
[Date "1998.10.10"]
[Round "11.2"]
[White "Krakops, Maris"]
[Black "Rychagov, Mikhail"]
[Result "1/2-1/2"]
[WhiteElo "2510"]
[BlackElo "2565"]
[PlyCount "21"]
[EventDate "1998.09.29"]
[EventType "team-swiss"]
[EventRounds "13"]
[EventCountry "RUS"]
[SourceTitle "CBM 068"]
[Source "ChessBase"]
[SourceDate "1999.02.01"]
[SourceVersion "1"]
[SourceVersionDate "1999.02.01"]
[SourceQuality "1"]
[WhiteTeam "Latvia"]
[BlackTeam "Estonia"]
[WhiteTeamCountry "LAT"]
[BlackTeamCountry "EST"]

1. e4 c5 2. Nf3 d6 3. Bb5+ Bd7 4. Bxd7+ Qxd7 5. c4 Nf6 6. Nc3 Nc6 7. 0-0 g6 8. d4 cxd4 9. Nxd4 Bg7 10. Nde2 0-0 11. f3 1/2-1/2

[Event "Olympiad-33"]
[Site "Elista"]
[Date "1998.10.06"]
[Round "8.1"]
[White "Krakops, Maris"]
[Black "Fominyh, Alexander"]
[Result "1/2-1/2"]
[WhiteElo "2510"]
[BlackElo "2530"]
[PlyCount "83"]
[EventDate "1998.09.29"]
[EventType "team-swiss"]
[EventRounds "13"]
[EventCountry "RUS"]
[SourceTitle "CBM 068"]
[Source "ChessBase"]
[SourceDate "1999.02.01"]
[SourceVersion "1"]
[SourceVersionDate "1999.02.01"]
[SourceQuality "1"]
[WhiteTeam "Latvia"]
[BlackTeam "Russia III"]
[WhiteTeamCountry "LAT"]
[BlackTeamCountry "RUS"]

1. e4 c5 2. Nf3 e6 3. Nc3 Nc6 4. d4 cxd4 5. Nxd4 Qc7 6. Be3 a6 7. Bd3 Nf6 8. 0-0 Bd6 9. Nxc6 bxc6 10. f4 e5 11. f5 Be7 12. Qf3 Rb8 13. b3 Qa5 14. Na4 d5 15. exd5 Nxd5 16. Bc1 0-0 17. Bb2 f6 18. Be4 Bd7 19. Kh1 Qc7 20. Rad1 Nb6 21. Nxb6 Rxb6 22. Rd3 Rd8 23. Qg4 Be8 24. Rg3 Bf8 25. Bd3 c5 26. Bxa6 Bf7 27. Bc4 Rb4 28. Bxf7+ Qxf7 29. Qe2 Qb7 30. c4 Rb6 31. Bc3 Rbd6 32. Re3 Qd7 33. h3 Be7 34. Ref3 Ra8 35. Qc2 Bd8 36. R3f2 Ba5 37. Bxa5 Rxa5 38. Re2 Ra8 39. Kh2 Rd4 40. Ref2 h5 41. Re1 Rd8 42. a3 1/2-1/2

[Event "Olympiad-33"]
[Site "Elista"]
[Date "1998.10.01"]
[Round "3.2"]
[White "Krakops, Maris"]
[Black "Martin Del Campo C, Roberto Abel"]
[Result "1-0"]
[WhiteElo "2510"]
[BlackElo "2465"]
[PlyCount "143"]
[EventDate "1998.09.29"]
[EventType "team-swiss"]
[EventRounds "13"]
[EventCountry "RUS"]
[SourceTitle "CBM 068"]
[Source "ChessBase"]
[SourceDate "1999.02.01"]
[SourceVersion "1"]
[SourceVersionDate "1999.02.01"]
[SourceQuality "1"]
[WhiteTeam "Latvia"]
[BlackTeam "Mexico"]
[WhiteTeamCountry "LAT"]
[BlackTeamCountry "MEX"]

1. e4 c5 2. Nf3 d6 3. d4 cxd4 4. Nxd4 Nf6 5. Nc3 a6 6. Be3 e5 7. Nb3 Be6 8. f3 Nbd7 9. g4 Rc8 10. Qd2 b5 11. g5 Nh5 12. 0-0-0 Qc7 13. Kb1 Be7 14. Nd5 Bxd5 15. exd5 Nb6 16. Na5 0-0 17. Nc6 Nxd5 18. Nxe7+ Nxe7 19. Bh3 d5 20. Bxc8 Rxc8 21. c3 Qd7 22. Qe2 Qe6 23. Rhe1 Nc6 24. Qd3 Rd8 25. Ka1 g6 26. Qc2 Ng7 27. Bf2 Nf5 28. Bg3 Qd6 29. a3 Re8 30. Qd3 Rd8 31. Kb1 h6 32. gxh6 Kh7 33. Bf2 Nxh6 34. h4 Qf6 35. h5 Qf5 36. hxg6+ fxg6 37. Bg3 Qxd3+ 38. Rxd3 Nf7 39. Red1 Ne7 40. Bf2 Rc8 41. Rg1 Kg7 42. b4 Nd6 43. Re1 Kf6 44. f4 e4 45. Bh4+ Ke6 46. Bxe7 Kxe7 47. Rxd5 Rxc3 48. Rc1 Rxa3 49. Rc7+ Ke6 50. Re5+ Kf6 51. Rc6 Rd3 52. Rxa6 Kf7 53. Kc2 Rd4 54. Kc3 Rd3+ 55. Kc2 Rd4 56. Kc1 Rd3 57. Ra8 Rd4 58. Rd8 Rd3 59. Rd7+ Kf6 60. Ra7 Rd4 61. Ra6 Kf7 62. Kc2 Rc4+ 63. Kd1 Rd4+ 64. Ke2 Nf5 65. Rxb5 Kg7 66. Rbb6 Nh4 67. Ra8 Rd7 68. Rba6 Rd4 69. R6a7+ Kf6 70. Rf8+ Ke6 71. Ra6+ Ke7 72. Rh8 1-0

[Event "Tallinn zt"]
[Site "Tallinn"]
[Date "1998.??.??"]
[Round "?"]
[White "Rozentalis, Eduardas"]
[Black "Krakops, Maris"]
[Result "1-0"]
[WhiteElo "2575"]
[BlackElo "2510"]
[PlyCount "73"]
[EventDate "1998.07.??"]
[EventType "tourn"]
[EventRounds "9"]
[EventCountry "EST"]
[SourceTitle "CBM 066"]
[Source "ChessBase"]
[SourceDate "1998.09.30"]
[SourceVersion "1"]
[SourceVersionDate "1998.09.30"]
[SourceQuality "1"]

1. e4 d5 2. exd5 Nf6 3. d4 Bg4 4. Nf3 Qxd5 5. Be2 e6 6. h3 Bh5 7. c4 Qd7 8. Nc3 Bxf3 9. Bxf3 Nc6 10. Be3 0-0-0 11. Nb5 Bb4+ 12. Kf1 Kb8 13. Qb3 a6 14. Nxc7 Qxc7 15. Bxc6 Qxc6 16. Qxb4 Ka8 17. f3 Nh5 18. Kf2 Qc7 19. Qc5 Qg3+ 20. Kf1 g6 21. Bf2 Qf4 22. Qe5 Qd2 23. b3 f6 24. Qe1 Rxd4 25. Bxd4 Qxd4 26. Rc1 Rd8 27. g3 Qb2 28. Rg1 Rd3 29. Rg2 Rxf3+ 30. Kg1 Qd4+ 31. Kh2 Nxg3 32. Rxg3 Qf4 33. Rc3 Rf1 34. Qe3 Rf2+ 35. Kg1 Rf1+ 36. Kg2 Qf5 37. Rd3 1-0

[Event "Wch U20"]
[Site "Zagan"]
[Date "1997.07.26"]
[Round "12"]
[White "Krakops, Maris"]
[Black "Zulfugarli, Magomed"]
[Result "1-0"]
[WhiteElo "2530"]
[BlackElo "2380"]
[PlyCount "95"]
[EventDate "1997.07.14"]
[EventType "swiss"]
[EventRounds "13"]
[EventCountry "POL"]
[SourceTitle "CBM 059 Extra"]
[Source "ChessBase"]
[SourceDate "1997.09.26"]
[SourceVersion "1"]
[SourceVersionDate "1997.09.26"]
[SourceQuality "1"]

1. e4 e5 2. Nf3 Nc6 3. Bb5 a6 4. Ba4 Nf6 5. 0-0 Be7 6. Re1 b5 7. Bb3 d6 8. c3 0-0 9. h3 h6 10. d4 Re8 11. Nbd2 Bf8 12. a4 Bd7 13. Bc2 exd4 14. Nxd4 Ne5 15. Nf1 Ng6 16. Ng3 c5 17. Nde2 bxa4 18. Nf4 Nxf4 19. Bxf4 Qb6 20. Qd3 c4 21. Qd2 Bc6 22. Kh1 Rad8 23. f3 d5 24. e5 Nd7 25. Nf5 Nc5 26. Qf2 Bd7 27. Nd6 Re6 28. Rad1 Qc6 29. Nf5 Ree8 30. Nd4 Qb6 31. Bb1 Ne6 32. Be3 Rb8 33. Nxe6 Qxe6 34. Bd4 Rb7 35. f4 Reb8 36. f5 Qc6 37. e6 fxe6 38. fxe6 Bxe6 39. Qc2 Rxb2 40. Qh7+ Kf7 41. Qg6+ Kg8 42. Bf5 Bd7 43. Re6 Bxe6 44. Bxe6+ Qxe6 45. Qxe6+ Kh7 46. Qf5+ Kh8 47. Rf1 a3 48. Qg6 1-0

[Event "Wch U20"]
[Site "Zagan"]
[Date "1997.07.25"]
[Round "11"]
[White "Delemarre, Jop"]
[Black "Krakops, Maris"]
[Result "1/2-1/2"]
[WhiteElo "2395"]
[BlackElo "2530"]
[PlyCount "82"]
[EventDate "1997.07.14"]
[EventType "swiss"]
[EventRounds "13"]
[EventCountry "POL"]
[SourceTitle "CBM 059 Extra"]
[Source "ChessBase"]
[SourceDate "1997.09.26"]
[SourceVersion "1"]
[SourceVersionDate "1997.09.26"]
[SourceQuality "1"]

1. d4 Nf6 2. Nf3 g6 3. Bg5 Bg7 4. Nbd2 c5 5. Bxf6 Bxf6 6. Ne4 Bxd4 7. Nxd4 cxd4 8. Qxd4 0-0 9. c4 Nc6 10. Qd2 b6 11. g3 Bb7 12. Bg2 Qc7 13. 0-0 Ne5 14. b3 Rad8 15. Rfd1 d5 16. cxd5 Bxd5 17. Rac1 Qb8 18. Nf6+ exf6 19. Bxd5 Rd7 20. Qc2 Rfd8 21. Be4 Rxd1+ 22. Rxd1 Rxd1+ 23. Qxd1 Qc7 24. Qd2 Kg7 25. Kg2 h5 26. f4 Nd7 27. Qc2 Qd6 28. Qd3 Qe7 29. Bf3 Nc5 30. Qc4 Qe3 31. f5 a5 32. b4 axb4 33. Qxb4 g5 34. h3 Qe5 35. Qxb6 Ne4 36. Bxe4 Qxe4+ 37. Kg1 Qxe2 38. Qf2 Qe4 39. Kh2 Qe5 40. Kg2 Qd5+ 41. Kh2 Qe5 1/2-1/2